ბათუმის შოთა რუსთაველის სახელმწიფო უნივერსიტეტის ბიბლიოთეკა

სუბტროპიკული კულტურების დაავადებანი და მათთან ბრძოლა (ბიბ.ჩანაწერი № 44356)

000 -LEADER
fixed length control field 00890nam a2200217Ia 4500
001 - CONTROL NUMBER
control field 11117
003 - CONTROL NUMBER IDENTIFIER
control field GE_BSU
008 - FIXED-LENGTH DATA ELEMENTS--GENERAL INFORMATION
fixed length control field 181216s||||||||xx |||||||||||||| ||und||
040 ## - CATALOGING SOURCE
Transcribing agency GE_BSU
080 ## - UNIVERSAL DECIMAL CLASSIFICATION NUMBER
Universal Decimal Classification number 633/635(213.2):632.2/4
100 ## - MAIN ENTRY--PERSONAL NAME
Personal name მკერვალი,ვ
245 ## - TITLE STATEMENT
Title სუბტროპიკული კულტურების დაავადებანი და მათთან ბრძოლა
245 ## - TITLE STATEMENT
Statement of responsibility, etc. რედ:ო.ცინცაძე; მხატვ:კ.ტუხაშვილი.
260 ## - PUBLICATION, DISTRIBUTION, ETC.
Place of publication, distribution, etc. თბილისი.
260 ## - PUBLICATION, DISTRIBUTION, ETC.
Name of publisher, distributor, etc. საბჭოთა საქართველო.
260 ## - PUBLICATION, DISTRIBUTION, ETC.
Date of publication, distribution, etc. 1985.
300 ## - PHYSICAL DESCRIPTION
Extent 136გვ;20სმ.
300 ## - PHYSICAL DESCRIPTION
Accompanying material ილ;
653 ## - INDEX TERM--UNCONTROLLED
Uncontrolled term სუბტროპიკული კულტურების დაავადებანი და მათთან ბრძოლა
942 ## - ADDED ENTRY ELEMENTS (KOHA)
Koha item type წიგნი
ეგზემპლარები
Withdrawn status Lost status Damaged status Not for loan Date acquired Barcode Date last seen Price effective from Koha item type
        2018-12-17 19282 2018-12-17 2018-12-17 წიგნი
        2018-12-17 19283 2018-12-17 2018-12-17 წიგნი
        2018-12-17 19284 2018-12-17 2018-12-17 წიგნი
        2018-12-17 19285 2018-12-17 2018-12-17 წიგნი
        2018-12-17 19286 2018-12-17 2018-12-17 წიგნი
        2018-12-17 19287 2018-12-17 2018-12-17 წიგნი